Marine meteorology: nutshell series book 2 / (Record no. 3004)

000 -LEADER
fixed length control field 00476nam a2200193Ia 4500
008 - FIXED-LENGTH DATA ELEMENTS--GENERAL INFORMATION
fixed length control field 190719s9999||||xx |||||||||||||| ||und||
020 ## - INTERNATIONAL STANDARD BOOK NUMBER
Terms of availability 300
082 ## - DEWEY DECIMAL CLASSIFICATION NUMBER
Classification number 551.5
Item number S9417
100 ## - MAIN ENTRY--PERSONAL NAME
Personal name H. Subramaniam
245 #0 - TITLE STATEMENT
Title Marine meteorology: nutshell series book 2 /
250 ## - EDITION STATEMENT
Edition statement 3rd ed.
260 ## - PUBLICATION, DISTRIBUTION, ETC. (IMPRINT)
Place of publication, distribution, etc Mumbai:
Name of publisher, distributor, etc Vijaya Publications,
Date of publication, distribution, etc 2010.
300 ## - PHYSICAL DESCRIPTION
Extent 262p.
Other physical details 14cm, pbk
650 ## - SUBJECT ADDED ENTRY--TOPICAL TERM
Topical term or geographic name as entry element Marine meteorology
942 ## - ADDED ENTRY ELEMENTS (KOHA)
Item type Books
Holdings
Withdrawn status Lost status Source of classification or shelving scheme Damaged status Not for loan Permanent location Current location Date acquired Source of acquisition Full call number Barcode Date last seen Cost, replacement price Koha item type Cost, normal purchase price
          IMU Kolkata IMU Kolkata 2010-05-13 Shroff Publishers and Distributors 551.5 S9417 11126 2020-03-19 300.00 Books  
          IMU Kolkata IMU Kolkata 2011-01-18 DNS Coordinator 551.5 S9417 11161 2020-03-19   Books  
          IMU Kolkata IMU Kolkata 2020-07-28 15     2020-07-28 300.00 Books 300.00
          IMU Kolkata IMU Kolkata 2020-07-30 19     2020-07-30 0.00 Books 0.00
Designed and Maintained by IMU-KC Library, Kolkata Campus © Copyright All Rights Reserved

webs counters

Powered by Koha